000 00466nmm a2200169Ia 4500
008 251105s9999||||xx |||||||||||||||||und||
020 _a9788415937623
041 _aspa
100 _aTemes, José Luis
245 0 _aEl Siglo de la Zarzuela :
_b 1850-1950
264 _a[Madrid, España] :
_bSiruela,
_c2014
300 _a504 páginas
490 _aEl ojo del tiempo
650 _aMusic
856 _uhttps://public.digitaliapublishing.com/a/31803
942 _cCF
999 _c77127
_d77127